00000000nam##2200000za#4500
0019.696460
003CaOODSP
00520210624235038
007cr |||||||||||
008150407|2001||||xxc|||||o    f|0| 0 eng|d
040 |aCaOODSP|beng
043 |an-cn---
0861 |aF2-156/2001E-PDF
1101 |aCanada. |bDepartment of Finance.
24510|aLegislative proposals relating to tobacco products : |h[electronic resource]|bnotice of ways and means motion and explanatory notes / |cpublished by the Honourable Paul Martin, Minister of Finance.
260 |aOttawa - Ontario : |bFinance Canada |cApril 2001.
300 |a94p.
500 |aThe catalogue number (F2-156/2001E) and ISBN (0-660-18517-2) for the print edition have been incorrectly copied in this electronic publication.
5203 |aThis document, with the short title Tobacco Tax Amendments Act, 2001, outlines changes to tobacco-related sections of the Customs Act, Customs Tariff, Excise Act, Excise Tax Act and Income Tax Act. Among some of the topics discussed in the document are: duty on tobacco imported by a traveller, stamp regulations, where possession or sale is not an offence, exemption for tobacco products for sale in foreign duty-free shops, and unauthorized sale of Ontario-marked tobacco.
590 |a12-33-Supp|b2012-07-18
69007|aCustoms and excise|2gcpds
69007|aLegislation|2gcpds
69007|aTobacco industry|2gcpds
77508|tPropositions législatives concernant les produits du tabac : |w(CaOODSP)9.640575
7760#|tLegislative proposals relating to tobacco products : |w(CaOODSP)9.648138
85640|ahttp://publications.gc.ca|qPDF|s213 KB|uhttps://publications.gc.ca/collections/Collection/F2-156-2001E.pdf